Normal view MARC view
  • MATHEMATICAL ANALYSIS.MATHEMATICAL APPLICATONS

Entry Topical Term

Number of records used in: 1

001 - CONTROL NUMBER

  • control field: 60975

003 - CONTROL NUMBER IDENTIFIER

  • control field: NUST

005 - DATE AND TIME OF LATEST TRANSACTION

  • control field: 20210628202650.0

008 - FIXED-LENGTH DATA ELEMENTS

  • fixed length control field: 210628|| aca||aabn | a|a d

040 ## - CATALOGING SOURCE

  • Original cataloging agency: NUST
  • Transcribing agency: NUST

150 ## - HEADING--TOPICAL TERM

  • Topical term or geographic name entry element: MATHEMATICAL ANALYSIS.MATHEMATICAL APPLICATONS

670 ## - SOURCE DATA FOUND

  • Source citation: Work cat.: (NUST): Nanda ,S Sekhar , G.P.Raja 60974, Mathematical analysis and applicatons, 2004
© 2023 Central Library, National University of Sciences and Technology. All Rights Reserved.